000 00155nam a22000857a 4500
082 _a823
100 _aUNKNOWN
245 _aMORAL STORIES FOR KIDS
942 _cBK
999 _c8278
_d8278